00518nam a2200157Ia 4500100001600000942000700016654001400023245005500037260003500092082001300127300000900140546001200149999001700161952009100178952009100269 aJohn/J.E.A  cBK amechanics aIntroduction to Fluid Mechanics and fluid machines bprentice hallaNew Delhic1983 a532bSOM a1983 aENGLISH c23068d23068 001040708CRCaCRCEbCRCEd2023-03-17l0o532 SOMp14455r2023-03-17w2023-03-17yBK 001040708CRCaCRCEbCRCEd2023-03-17l0o532 SOMp14456r2023-03-17w2023-03-17yBK